| 000 | 00652nam a2200181 a 4500 | ||
|---|---|---|---|
| 008 | 101123s2009 ||||||||||||||||| || u | ||
| 020 | _a9780330504218 | ||
| 050 | _aHF 5549.5.M63 Ada | ||
| 100 | _aAdair, John | ||
| 245 | 1 | 0 | _aEffective motivation: how to get the best results from everyone |
| 260 |
_aLondon: _bPan Books _c2009 |
||
| 300 | _axvi, 219p: ill. | ||
| 350 | _a0.00 | ||
| 490 | _aEffective series | ||
| 650 | 0 | _aMANAGEMENT | |
| 650 | _aEMPLOYEE MOTIVATION | ||
| 995 |
_D0.00 _FCBU-MAIN LIBRARY (Kitwe) _H1 _I0.00 _M1 _UAVAILABLE _WNov 23, 2010 _ZMain Library Open Access Collection |
||
| 999 |
_c41285 _d41285 |
||